00679 2200253 4500001002100000005001700021008004100038020002200079035002400101040001200125082002000137084002000157090002000177100001700197245003400214250001100248260003100259300004400290650002800334850001200362990001700374990001700391990001700408INLIS00000000000080520141113110645.0  a978-979-21-0213-0 0010-111400000000164 aYOPDYOG aCoE 646.4 San K aCoE 646.4 San K aCoE 646.4 San K aSANNY POESPO aKebaya modernc/ Sanny Poespo aCet.6. aYogyakartabKanisiusc2002 a75 hlm.b: ilus. ;c21 x 22 cm [3 eks.] aPakaian-Desain dan pola aYOPDYOG a3249-PD/B.14 a3250-PD/B.14 a3251-PD/B.14